00406nam a2200121Ia 4500008004100000082002000041100002400061245005100085300000800136942001200144999001900156952010900175210430s9999 xx 000 0 und d a954.9105 M6711Z aJabbar Mirza954547 aZia Daur Fazal Haq ki Nazar MaincJabbar Mirza a196 cBK2ddc c565167d565167 001040708NFICaSCMEbSCMEcGENd0004-06-15l0o954.9105 M6711ZpSCME-4455r2021-04-30w2021-04-30yBK